Регионална библиотека "Любен Каравелов" - Русе

Вивальди, Марчелло, Левитин (Запис номер 519651)

MARC детайли
000 -Лидер
Лидер 02164njm a2200289 a 4500
003 - Код на организацията, давaща контролен номер
Код на организацията, даваща контролен номер BLK
005 - Дата и час на последна редакция
Дата и час на последна редакция 20241017110922.0
007 - Фиксирано поле за физическо описани
Физическо описание sd ammalaaahaa
008 - Елементи от данни с фиксирана дължина
Елементи с фиксирана дължина 180413b bul||n|| |||||||| n|bulo|
028 ## - PUBLISHER NUMBER
Издателски номер 03873-74
040 ## - Източник на каталожния запис
Код на библиотеката BLK
041 ## - Код за език
Език на записа Руски
Език за КДБФ Руски
080 ## - УДК
УДК текст Камерна музика. Музика за няколко солови инструмента - дует, трио, квартет, квинтет, секстет, септет, нонет и др.
УДК код 785.7
УДК – код + определител 785.7(086.72)
100 1# - Редна дума - Автор
R(LIN) 47870
Автор Вивалди, Антонио
245 ## - Сведения за заглавието
Заглавие Вивальди, Марчелло, Левитин
Авторска отговорност исп. Ленинградский камерный оркестр; художественный руководитель Лазаль Гозман
260 ## - Област на издателските данни
Място на издаване Москва
Име на издателя Мелодия
Година на издаване 1973
9 (RLIN) 210743
300 ## - Физическа характеристика
Брой страници 1 граммофонна плоча
Илюстрации 33 об./мин., стерео
Размер 30 см
380 ## - Жанр
Жанр Изкуство
500 ## - Общи забележки
Обща забележка А. Вивальди (1678-1741). Концерт для струнных и клавесина ля мажор, соч. 30 № 1.<br/><br/>Б. Марчелло (1686-1739). Интродукция, ария, престо. Переложение Э. Бонелли<br/><br/>Ю. Левитин (р. 1912). Легкая музыка для камерного оркестра:<br/>1. Увертюра<br/>2. Ариетта<br/>3. Первый хорал<br/>4. Бурлеска<br/>5. Чакона<br/>6. Бурре<br/>7. Сицилиана<br/>8. Интродукция и мелодия<br/>9. Аллегро<br/>10. Второй хорал<br/>11. Деревенский минуэт
511 ## - Забележка за участници или изпълнители
Забележка за участници В. Черенков (флейта), В. Караулов (гобой), В. Буяновский (валторна), О. Крылова (клавесин)<br/>Ленинградский камерный оркестр. Художественный руководитель Л. Гозман<br/>
700 ## - Други автори (авторска отговорност)
9 (RLIN) 495422
Друг автор Гозман, Лазарь Михайлович
710 ## - Име на организация или юридическо лице като допълнителен термин за търсене
9 (RLIN) 495296
Друг колективен автор Ленинградский камерный оркестр
852 ## - Местоположение
Сигнатура (форматна) Ф ІІ 3041
Отдел Хранилище
856 ## - Електронен адрес и достъп
Инструкция (цена за достъп) 0.00
Права за достъп disable
942 ## - АРТИКУЛИ
Вид на библиотечния документ Грамофонни плочи
Скрит в OPAC Не
944 ## - СЪЗДАВАНЕ И РЕДАКЦИЯ на ЗАПИСА
Дата на регистрацията/редакция Нора Радева
Служител, извършил регистрацията/редакцията 30545
Създаване/Редакция
Статус, дата на статуса Нора Радева
999 ## - СИСТЕМНИ КОНТРОЛНИ НОМЕРА
Koha biblionumber 519651
Koha biblioitemnumber 519651
Наличности
Код за отписване Код за изгубен артикул Източник на класификационната схема Код за повреда Коз за рестрикции Код за отдаване Артикулен № Име на библиотеката - собственик Име на библиотеката, в която се намира в момента Статус (Текущо местоположение) Дата на вписване в системата Местоположение - отдел Цена в лева Инвентарен номер Систематично азбучна сигнатура Баркод Цена в евро Служебен тип на артикула
  Не е изгубен Universal Decimal Classification Не е повреден само за читалня ползва се в читалня 952322 Регионална библиотека "Любен Каравелов" Русе Регионална библиотека "Любен Каравелов" Русе Хранилище 2024-10-17 Основен фонд - ползва се само за читалня 3.00 8248 Ф ІІ 3041 900000109092 1.53 Грамофонни плочи
Vip Innovations Ltd, Rousse, Bulgaria 2025